Mathematical Statistics and Data Analysis 3/e

محفوظ في:
التفاصيل البيبلوغرافية
المؤلف الرئيسي: Rice
التنسيق: كتاب
منشور في: Cengage
الوسوم: إضافة وسم
لا توجد وسوم, كن أول من يضع وسما على هذه التسجيلة!

MARC

LEADER 00000nam a2200000Ia 4500
005 20260513122050.0
020 |a 9788131519547 
100 |a Rice 
365 |c Rs. 
365 |b 20.00 
942 |c BK 
245 |a Mathematical Statistics and Data Analysis 3/e 
260 |b Cengage 
999 |c 34  |d 34 
952 |0 0  |1 0  |4 0  |7 0  |a UNSW  |b UNSW  |d 2026-04-29  |g 950.00  |i 16669  |l 0  |p 000022  |r 2026-05-13 12:20:50  |v 950.00  |w 2026-05-13  |y BK